Statistics for Updated: Name That Country!

Click here to take the quiz!

General Stats

  • This quiz has been taken 626 times
    (551 since last reset)
  • The average score is 7 of 8

Answer Stats

Answer% Correct
Australia
100%
Italy
98%
Germany
96%
Japan
95%
Egypt
92%
France
90%
Saudi Arabia
90%
Democratic republic of the Congo
70%

Score Distribution

Percentile by Number Answered

Percent of People with Each Score

Your Score History

You have not taken this quiz since the last reset